Sustainable local democracy (Record no. 31780)

000 -LEADER
fixed length control field 01341pab a2200157 454500
008 - FIXED-LENGTH DATA ELEMENTS--GENERAL INFORMATION
fixed length control field 180718b1996 xxu||||| |||| 00| 0 eng d
100 ## - MAIN ENTRY--PERSONAL NAME
Personal name Smith, B.C.
245 ## - TITLE STATEMENT
Title Sustainable local democracy
260 ## - PUBLICATION, DISTRIBUTION, ETC.
Date of publication, distribution, etc. 1996
300 ## - PHYSICAL DESCRIPTION
Extent p.163-78
362 ## - DATES OF PUBLICATION AND/OR SEQUENTIAL DESIGNATION
Dates of publication and/or sequential designation May
520 ## - SUMMARY, ETC.
Summary, etc. To identify what is needed to sustain local democracy we need a model of democratic government and an idea of the kind of social and economic context that is supportive of democracy. Local democracy requires a combination of a liberal democratic model of local government and the prerequisites of democratic stability: economic development, equality, political culture and the development of civil society. However, a number of factors, non-local as well as local, may undermine local government and local democracy, especially centralization, economic decisions, external conflicts, dependency on civil servants, the dilution of elected representation, formalistic participation, skewed representation, class conflic t and official attitudes. However, democratic local government can contribute to economic development, the reduction of inequality, a democratic political culture and the development of civil society, thereby strengthening local democracy. - Reproduced
650 ## - SUBJECT ADDED ENTRY--TOPICAL TERM
Topical term or geographic name entry element Local government
773 ## - HOST ITEM ENTRY
Main entry heading Public Administration and Development
909 ## -
-- 31780
Holdings
Withdrawn status Lost status Damaged status Not for loan Permanent Location Current Location Date acquired Serial Enumeration / chronology Barcode Date last seen Price effective from Koha item type
        Indian Institute of Public Administration Indian Institute of Public Administration 2018-07-19 Volume no: 16, Issue no: 2 AR31963 2018-07-19 2018-07-19 Articles

Powered by Koha